Nočné zvieratá

Bibliographic Details
Main Author: Nayer, Judy (Author)
Other Authors: Goldberg, Grace (Illustrator)
Format: Book
Language:Slovak
English
PhysicalDescription:[5] s. leporelo ilustr. 30 cm
Published: New York McClanahan Book Company, Inc. 1992
ISBN:1551855224
Edition:1. vyd.
Series:V malíčku
Subjects:

MARC

LEADER 00000cam a2200000 a 4500
001 vtls008738352
003 SK-MaSNL
005 20260301205549.0
008 240318s1992 xxua a 000 j slo
020 |a 1551855224  |q (leporelo) 
035 |a POKPOH33511 
040 |a SNK  |b slo  |c SNK  |e AACR2 
041 1 |a slo  |h eng 
044 |a xxu  |c US 
072 7 |a 821.111(73)  |x Americká literatúra  |2 konspekt 
080 |a 592/599  |2 2011 
080 |a 821.111  |2 2011 
080 |a 82-93-053.4/.5  |2 2001 
080 |a (0.025.2)  |2 2011 
100 1 |a Nayer, Judy  |4 aut  |9 407186 
245 1 0 |a Nočné zvieratá  |c Judy Nayer ; ilustr. Grace Goldberg  |h grafika 
250 |a 1. vyd. 
260 |a New York  |b McClanahan Book Company, Inc.  |c 1992 
300 |a [5] s. leporelo  |b ilustr.  |c 30 cm 
490 1 |a V malíčku 
500 |a Pravdepodobne preložené z angl. 
650 0 7 |a zvieratá  |2 SNKPH  |9 1091 
650 0 7 |a anglicky písaná literatúra  |2 SNKPH  |9 236470 
650 0 7 |a Animals  |2 SNKPHeng  |9 267568 
650 0 7 |a Literature in English  |2 SNKPHeng  |9 90410 
650 0 7 |a literatúra pre deti  |2 SNKPH  |9 55721 
650 0 7 |a Children's writings  |2 SNKPHeng  |9 317436 
655 7 |a leporelá  |2 SNKPH  |9 60414 
655 7 |a Picture books for children  |2 SNKPHeng  |9 277438 
700 1 |a Goldberg, Grace  |4 ill  |9 407187 
830 0 |a V malíčku  |9 407188 
919 |a 1-55185-522-4 
958 |a DB 
958 |a LX 
958 |a UP 
999 |c 910585  |d 912515 
952 |a SNK  |b SNK  |y PREZ  |7 0  |p 17A1124750  |o snkSB 90098  |i snk2016/11905  |8 1  |0 0  |1 0  |4 0  |d 2016-05-09  |l 0  |r 2025-05-12 00:00:00  |w 2026-02-24